| 000 | 00732nam a2200205Ia 4500 | ||
|---|---|---|---|
| 999 |
_c40762 _d40762 |
||
| 001 | 7401 | ||
| 003 | GE_BSU | ||
| 005 | 20231204163536.0 | ||
| 008 | 181216s1937||||ge |||||||||||||| ||geo|| | ||
| 040 | _cGE_BSU | ||
| 041 | _ageo | ||
| 080 | _a821.353.1-2 დ-22 | ||
| 100 |
_aდარისპანაშვილი, გ. _93110 |
||
| 245 |
_aხიდ-ქვეშ : _bპიესა 4 მოქ. / _cგ. დარისპანაშვილი ; რედ. ი. თავაძე. |
||
| 264 |
_aთბილისი : _bფედერაცია, _c1937. |
||
| 300 |
_a75 გვ. ; _c17 სმ. |
||
| 653 | _aპიესა | ||
| 700 |
_aთავაძე, ი. _eრედაქტორი _96498 |
||
| 942 |
_cBK _2udc |
||